| 000 | 00549nam a22001937a 4500 | ||
|---|---|---|---|
| 008 | 150921b xxu||||| |||| 00| 0 eng d | ||
| 020 | _a0618666044 | ||
| 050 | _aQA 39.2 .A94 2005 | ||
| 100 |
_aAufmann, Richard N. _d2005 |
||
| 245 |
_aPrecalculus/ _cRichard, Aufmann N. |
||
| 250 | _a5th ed. | ||
| 260 |
_aUSA: _bHoughton MIfflin, _c2005. |
||
| 300 |
_axx,787p. : ill. _bIncludes index, |
||
| 650 | _aPrecalculus | ||
| 650 | _aCalculus | ||
| 650 | _aMathematics | ||
| 700 | _aBarker | ||
| 942 |
_2lcc _cBOOKS _hQA 39.2 .A94 2005 _03 |
||
| 999 |
_c6114 _d6114 |
||